Super Bowl Winners - Sudden Death - Statistics

General Stats
  • This quiz has been taken 99 times
  • The average score is 15 of 20
Answers on the Grid
Answers color-coded by a green-red scale on the quiz's grid according to % correct below.
49ers
Bears
Bengals
Bills
Broncos
Browns
Buccaneers
Cardinals
Chargers
Chiefs
Colts
Commanders
Cowboys
Dolphins
Eagles
Falcons
Giants
Jaguars
Jets
Lions
Packers
Panthers
Patriots
Raiders
Rams
Ravens
Saints
Seahawks
Steelers
Texans
Titans
Vikings
 
Answer Stats
Answer % Correct
49ers
95%
Packers
84%
Steelers
84%
Bears
79%
Broncos
79%
Chiefs
79%
Cowboys
79%
Dolphins
79%
Giants
79%
Jets
79%
Patriots
79%
Rams
79%
Buccaneers
74%
Colts
74%
Eagles
74%
Saints
74%
Raiders
68%
Ravens
68%
Seahawks
68%
Commanders
58%
No matching quizzes found
Score Distribution
Percent of People with Each Score
Percentile by Number Answered
Your Score History
You have not taken this quiz